000 00820nam a22002057a 4500
999 _c15736
_d15736
003 OSt
005 20201113112908.0
008 181213b ||||| |||| 00| 0 eng d
022 _a0730-3084
040 _c0
082 _aDPer 613.705 J863 Sept 2015-Apr 2016 v. 86-87
100 _aAvery, Marybell.
_933108
245 _aImplementing the new national standards and grade-level outcomes:
_bteaching the middle school grade-level outcomes with standards-based instruction/
_cMarybell Avery and Brad Rettig.
260 _aPhiladelphia:
_bShape America-Society of Health and Physical Educators,
_c©Sept 2015-Apr 2016.
300 _av86, n7, pages 17-22:
_billustrations;
_c28 cm.
500 _aJOPERD
650 _aPhysical education
_v
_933110
_xStandard.
700 _aRettig, Brad.
_eAuthor.
_942554
942 _2ddc
_cPER